[Event "Spring on Petrograd Side"]
[Site "St Petersburg"]
[Date "2007.04.12"]
[Round "4"]
[White "Kopasov, Alexander"]
[Black "Vunder, Yakov"]
[Result "0-1"]
[WhiteElo "2063"]
[BlackElo "2242"]
[PlyCount "72"]
[EventDate "2007.04.09"]
[EventType "swiss"]
[EventRounds "9"]
[EventCountry "RUS"]
[SourceTitle "EXT 2008"]
[Source "ChessBase"]
[SourceDate "2007.11.25"]
[SourceVersion "1"]
[SourceVersionDate "2007.11.25"]
[SourceQuality "1"]

1. d4 d5 2. c4 e6 3. Nc3 Be7 4. cxd5 exd5 5. Bf4 Nf6 6. e3 0-0 7. Bd3 c5 8. dxc5 Bxc5 9. Nge2 Nc6 10. 0-0 Be6 11. Bg5 d4 12. Ne4 Be7 13. Bxf6 Bxf6 14. Nxf6+ Qxf6 15. Nxd4 Nxd4 16. exd4 Rad8 17. Qc2 g6 18. Rad1 Rxd4 19. b3 Rfd8 20. Be4 b6 21. Qc3 Kg7 22. Rxd4 Qxd4 23. Qc2 Bg4 24. h3 Bd1 25. Qb1 Be2 26. Re1 Qd2 27. Rc1 Bd1 28. Qa1+ Kg8 29. Qf6 Bxb3 30. Rc7 Bxa2 31. Rxa7 Be6 32. h4 Qd1+ 33. Kh2 Qd4 34. Qf3 Qe5+ 35. g3 Rd4 36. Bc6 Rxh4+ 0-1